000 00665nam a22001937a 4500
999 _c175539
_d175539
005 20200908145657.0
010 _aUR-10843
020 _c100.00
_a9789389733044
035 _aU-9398
037 _bDBAD/PUB
082 _a841
100 _aيو نس غا ز ی
245 _a (شعر ی مجمو عہ)تو شہء آ خر ت
_cيو نس غا ز ی
246 _bTosh-e-Aakhirat (Urdu)
_aby Yunus Ghazi
260 _aN.Delhi
_bEducational Publishing House
_c2019 ء
270 _aH.O.D1/16,Ansari Road,Darya ganj,
_bN.Delhi
_e110002
_k45678285,23216162
_l0091-11-23211540
300 _a144 ص
_c22 Cm(Hb)
942 _2ddc
_cUR
_h841
_mغ ا ز